Domov zlatem spravený : cesta do hlubin paměti - a k uzdravení duše /

Román je na jedné straně zajímavým pohledem do historie a řemeslné krásy japonských městeček, na druhé se s jemností a porozuměním dotýká témat ztráty, napravování lidských vztahů a síly drobných gest.

Uloženo v:
Hlavní autor: Hoshio, Sanae, 1964- (Autor)
Další autoři: Linhart, Markéta, 1991- (Autor)
Médium: Kniha
Jazyk:Czech
Vydáno: Praha : Dobrovský s.r.o., 2026
Edice:Kontrast
Témata:
Celkem bylo vypůjčeno:0x
Tagy:
Žádné tagy
LEADER 02454nam a2200421 i 4500
001 106674
003 CZ PrNK
005 20260630141528.0
007 ta
008 260504s2026 xr g 000 f cze
015 |a cnb003756244 
020 |a 9788027761050  |q (vázáno) :  |c Kč 399,00 
040 |a ABG001  |b cze  |e rda 
041 1 |a cze  |h jpn 
072 7 |a 821.521  |x Japonská literatura  |2 Konspekt  |9 25 
080 |a 821.521-31  |2 MRF 
080 |a (0:82-31)  |2 MRF 
100 1 |a Hoshio, Sanae,  |d 1964-  |7 xx0344717  |4 aut  |9 117529 
240 1 0 |a Kintsugi no ie atatakanashizukutachi.  |l Česky 
245 1 0 |a Domov zlatem spravený :  |b cesta do hlubin paměti - a k uzdravení duše /  |c Sanae Hošio ; přeložila Markéta Linhart 
246 3 0 |a Cesta do hlubin paměti - a k uzdravení duše 
264 1 |a Praha :  |b Dobrovský s.r.o.,  |c 2026 
300 |a 206 stran ;  |c 21 cm 
336 |a text  |b txt  |2 rdacontent 
337 |a bez média  |b n  |2 rdamedia 
338 |a svazek  |b nc  |2 rdacarrier 
490 1 |a Kontrast 
500 |a Přeloženo z japonštiny 
520 2 |a Román je na jedné straně zajímavým pohledem do historie a řemeslné krásy japonských městeček, na druhé se s jemností a porozuměním dotýká témat ztráty, napravování lidských vztahů a síly drobných gest.  |b Středoškolačka Mao žije se svou babičkou Čie, která se věnuje tradiční japonské technice kincugi - umění opravovat rozbité nádoby pomocí zlata tak, aby se staré praskliny staly jejich ozdobou. Mao se musí brzy rozhodnout, jakým směrem se vydá, ale zatím ji svírá nejistota. Když jednoho dne v babiččině zásuvce objeví lakovanou jehlici do vlasů, spustí tím vlnu vzpomínek, která je obě zavede na cestu do minulosti. Staré křivdy, nevyřčená tajemství i slova, která už nelze vzít zpět, rozlámala lidská srdce. A přesto, stejně jako při opravě prasklého nádobí zlatem, i z rozbitých duší může znovu vzniknout krása a naděje. Nakladatelská anotace. Kráceno. 
655 7 |a japonské romány  |7 fd132490  |2 czenas  |9 53658 
655 9 |a Japanese fiction  |2 eczenas 
700 1 |a Linhart, Markéta,  |d 1991-  |7 xx0307943  |4 trl  |9 116263 
710 2 |a Dobrovský (firma)  |7 olak2017946581  |4 pbl  |9 117120 
830 0 |a Kontrast 
910 |a UOG502 
942 |2 ddc  |c KN 
999 |d 106674 
993 |0 0  |1 421180107398  |2 ddc  |4 0  |7 0  |9 100176  |b 0  |c 107398  |d 2026-06-30  |e 0  |f DOSP  |h 399.00  |i Koupě  |l DOSP  |r 2026-06-30  |t 6  |w 2026-06-30  |y KN  |z BELET  |n